Paideia : los ideales de la cultura griega /

Estudio sobre la civilización griega que tiene como finalidad exponer la formación del hombre griego, en su carácter peculiar y en su desarrollo histórico mediante el cual llegaron a la construcción de su ideal de humanidad. Para ello, el autor aborda la historia de la fundación, crecimiento y crisi...

Olles dieđut

Furkejuvvon:
Bibliográfalaš dieđut
Váldodahkki: Jaeger, Werner (autor)
Eará dahkkit: Xirau, Ramón (traducción) (traducción), Roces, Wenceslao (traducción) (traducción)
Materiálatiipa: Girji
Giella:espánnjágiella
Preanttus:2a edición
Fáttát:
Fáddágilkorat: Lasit fáddágilkoriid
Eai fáddágilkorat, Lasit vuosttaš fáddágilkora!

MARC

LEADER 00000nam^a2200000^a^4500
001 000186734
005 20250521000000.0
009 20260310102236.798
037 |a Acervo ITESO - Biblioteca 
041 |a ESP 
082 |a 949. 501  |b JAE 
100 |a Jaeger, Werner  |e (autor) 
240 1 1 |a [Paideia: los ideales de la cultura griega] 
245 1 0 |a Paideia :  |b los ideales de la cultura griega /  |c W. Jaeger ; tr. por J. Xirau, W. Roces. 
250 |a 2a edición 
264 |a México :  |b Fondo de Cultura Económica,  |c 1946-1949 
300 |a 3 v. (XI, 452, XV, 482, 403 p.) 
336 |a texto  |b txt  |2 rdacontenido 
337 |a sin mediación  |b n  |2 rdamedio 
338 |a volumen  |b nc  |2 rdasoporte 
500 |a Traducción de: Paideia, Die Formung des griechischen Menschen 
520 |a Estudio sobre la civilización griega que tiene como finalidad exponer la formación del hombre griego, en su carácter peculiar y en su desarrollo histórico mediante el cual llegaron a la construcción de su ideal de humanidad. Para ello, el autor aborda la historia de la fundación, crecimiento y crisis de la cultura griega en el período primitivo y clásico. 
649 |a XX 
650 |a Cultura -  |z Grecia -  |x Historia 
650 |a Educación -  |z Grecia -  |x Historia 
650 |a Democracia -  |z Grecia -  |x Historia 
650 |a Política -  |z Grecia -  |x Historia 
650 |a Cosmovisión -  |z Grecia 
650 |a Civilización -  |z Grecia 
650 |a Diálogos Griegos -  |x Historia y Crítica 
650 |a Literatura Griega -  |x Historia y Crítica 
650 |a Literatura Clásica -  |x Historia y Crítica 
650 |a Filosofía Griega -  |x Historia y Crítica 
650 |a Filosofía Clásica -  |x Historia y Crítica 
650 |a Grecia -  |x Historia Antigua 
700 |a Xirau, Ramón  |e (traducción) 
700 |a Roces, Wenceslao  |e (traducción) 
910 |a Fondo Armando Suárez Gómez 
920 |a Impresos - Libros 
930 |a Fondos Especiales 
905 |a 111 
901 |a 0700003312  |b IT2  |c ESP  |u 20250521 
901 |a 0700003311  |b IT2  |c ESP  |u 20250521 
901 |a 0700003310  |b IT2  |c ESP  |u 20250521 
902 |a https://opac.biblio.iteso.mx/vufind/Record/000186734